|
|
|
|
| LEADER |
00000nam a2200000 i 4500 |
| 001 |
DIGEDUNAV0080 |
| 003 |
NyNyDIG |
| 008 |
200617s2007 sp o 000 0 spa d |
| 006 |
m o d |
| 007 |
cr ||||||||||| |
| 035 |
|
|
|a (OCoLC)844067524
|
| 040 |
|
|
|a DGITA
|b eng
|e rda
|e pn
|c DGITA
|
| 020 |
|
|
|z 9788431324520
|
| 020 |
|
|
|z 843132452X
|
| 050 |
1 |
4 |
|a BD450 ebook
|
| 082 |
0 |
4 |
|a 128
|
| 100 |
1 |
|
|a Ibáñez Langlois, José Miguel,
|e author.
|
| 245 |
1 |
0 |
|a Introducción a la antropología filosófica /
|c José Miguel Ibáñez Langlois.
|
| 250 |
|
|
|a Sexta edición.
|
| 264 |
|
1 |
|a Pamplona :
|b EUNSA, Ediciones Universidad de Navarra,
|c [2007]
|
| 300 |
|
|
|a 1 online resource.
|
| 336 |
|
|
|a text
|b txt
|2 rdacontent
|
| 337 |
|
|
|a computer
|b c
|2 rdamedia
|
| 338 |
|
|
|a online resource
|b cr
|2 rdacarrier
|
| 347 |
|
|
|a text file
|2 rdaft
|
| 347 |
|
|
|b PDF
|
| 490 |
1 |
|
|a Astrolabio.
|a Serie: Filosofía
|
| 588 |
0 |
|
|a Online resource; title from PDF title page (Digitalia, viewed June 17, 2020)
|
| 650 |
|
0 |
|a Philosophical anthropology.
|
| 655 |
|
0 |
|a Electronic books.
|
| 791 |
2 |
|
|a Digitalia (Firm),
|e distributor.
|
| 793 |
0 |
|
|g Digitalia eBook Collection:
|a Ediciones Universidad de Navarra
|
| 776 |
0 |
8 |
|i Print version:
|a Ibáñez Langlois, José Miguel.
|t Introducción a la antropología filosófica.
|b Sexta edición.
|d Pamplona : Ediciones Universidad de Navarra, 2007
|z 9788431324520
|
| 830 |
|
0 |
|a Filosofía (Pamplona, Spain)
|
| 856 |
4 |
0 |
|3 Digitalia Hispánica
|u https://www.digitaliapublishing.com/a/51391/
|
| 910 |
|
|
|a Premium collection: 2020
|